000 01018nabaa22001937a 4500
999 _c6150
_d6150
003 OSt
005 20260123001800.0
008 190701b xxu||||| |||| 00| 0 spa d
040 _cPJ
100 _94410
_aSalgan Ruiz, Leandro G.
245 1 3 _aLa prescripción penal en las sanciones administrativas /
_cLeandro Salgan Ruiz.
300 _ap. 180-187
505 _aSumario: I. Reseña del caso.— II. El Cód. Penal como legislación de fondo.— III. La potestad sancionadora en el derecho público local.—IV. El carácter penal de las infracciones administrativas.— V. La aplicación de la prescripción penal a las multas tributarias.— VI. Reflexiones finales.
505 _t¿Te interesa el texto completo? Comunicate al correo: koha@justierradelfuego.gov.ar
650 0 _9211
_aDERECHO ADMINISTRATIVO
650 0 _92986
_aSANCIONES ADMINISTRATIVAS
773 0 _02842
_93251
_dBuenos Aires : AbeledoPerrot, 2012-
_oDA121
_tDerecho administrativo. Nº 150 noviembre/diciembre 2023
_z18510590
942 _2udc
_cANA